000 00278nam a22001337a 4500
008 170922b xxu||||| |||| 00| 0 eng d
020 _a9780132415835
041 _aeng
080 _a37
100 _a46
101 _aARK
245 _aWRITE NOW
_cANDERSON,D
942 _2udc
_cBK
999 _c29009
_d29009